000 00321nam a2200133Ia 4500
008 210707s2009 xx 000 0 und d
041 _aeng
082 _aCD203
100 _aEFY
245 _aElectronics for you February 2009
260 _c2009
650 _aElectronics
906 _a2009 Electronics February for you
999 _c177237
_d177237